000 00526nam a22001817a 4500
999 _c192917
_d192917
005 20221101105114.0
010 _aENG-135347
020 _a9789386763853
_c140.00
035 _aEN-118880
037 _bDBAD/PUB
082 _a485
100 _aV. Prakasam
245 _aHandbook of English grammar/
_cV. Prakasam
260 _c1918
_bEMESCO Books
_aHyderabad
270 _a1-2-7, Banoo Colony, Gagan Mahal Road, Domalguda
_bHyderabad
_e500029
300 _a296p.
_c22cm(Pbk)
942 _2ddc
_cEN
_mPRA
_h485